000 00325nam a22001337a 4500
008 250519b |||||||| |||| 00| 0 eng d
020 _a9788131771945
050 _aHD8039
_b.J43
100 _aJHA, Raj
245 _aPublic Personnel Administration
260 _aIndia
_bOorling Kinderly
_c2012
300 _a350p.
942 _cBK
999 _c3535
_d3535